000
00187nam a2200073Ia 4500
008
170817s9999 xx 000 0 und d
100
_a
RANDHAWA
245
0
_a
EDUCATION &HUMAN RESOURCES MANAGEMANT
260
_b
A.P.H. PUB.
999
_c
37364
_d
37364